000 00656nam a22002417a 4500
003 UA-OsUOA
001 25462
007 ta
008 20040415b un ||||| |||| 00| 0 ukr d
090 _a34(094):343(477)
_bК66
942 _cBK
040 _aUA-OsUOA
_bukr
_cUA-OsUOA
_dUA-OsUOA
245 _aПопулярний коментар Кримінального кодексу України
_cРед. Д.В.Грузін
300 _a696 с.
955 _a0
041 _aukr
080 _a34(094):343(477)
020 _a966-00-0100-2
260 _aКиїв
_bНаукова Думка
_c1997
044 _aUA
650 7 _2UDC
999 _c311758
_d311758